书目信息 |
| 题名: |
衍生金融
|
|
| 作者: | 朱健卫 著 | |
| 分册: | ||
| 出版信息: | 天津 南开大学出版社 2009 |
|
| 页数: | 390页 | |
| 开本: | 24cm | |
| 丛书名: | ||
| 单 册: | ||
| 中图分类: | F830.2 | |
| 科图分类: | ||
| 主题词: | 金融体系--教材 , 金融体系 | |
| 电子资源: | ||
| ISBN: | 978-7-310-03281-5 | |
| 000 | 00685nam0 2200229 45 | |
| 001 | 1033046343 | |
| 005 | 20100408162324.56 | |
| 010 | @a978-7-310-03281-5@dCNY50.00 | |
| 100 | @a20100401d2009 em y0chiy50 ea | |
| 101 | 0 | @achi |
| 102 | @aCN@b120000 | |
| 105 | @aa z 000yy | |
| 106 | @ar | |
| 200 | 1 | @a衍生金融@AYan Sheng Jin Rong@e市场、产品与模型@EShi Chang、 Chan Pin Yu Mo Xing@f(德)朱健卫著@F( De ) Zhu Jian Wei Zhu |
| 210 | @a天津@c南开大学出版社@d2009 | |
| 215 | @a390页@c图@d24cm | |
| 606 | 0 | @a金融体系@j教材 |
| 606 | 0 | @a金融体系 |
| 690 | @aF830.2@v4 | |
| 701 | 0 | @a朱健卫@AZhu Jian Wei@4著 |
| 801 | 0 | @aCN@bTANGWEI@c20100408 |
| 905 | @b0587832-34@dF830.2@e159@f3 | |
| 衍生金融:市场、产品与模型/(德)朱健卫著.-天津:南开大学出版社,2009 |
| 390页:图;24cm |
| ISBN 978-7-310-03281-5:CNY50.00 |
| ● |
| 相关链接 |
|
|
|
|
正题名:衍生金融
索取号:F830.2/159
 
预约/预借
| 序号 | 登录号 | 条形码 | 馆藏地/架位号 | 状态 | 备注 |
| 1 | 0587832 | 205878326 | 第一样本阅览室/ [索取号:F830.2/159] | 在馆 | |
| 2 | 0587833 | 205878335 | 第一借阅区/ [索取号:F830.2/159] | 在馆 | |
| 3 | 0587834 | 205878344 | 第一借阅区/ [索取号:F830.2/159] | 在馆 |